00389nam a22001337a 4500008004100000020001500041050002500056100002400081245004700105250001200152260004000164300003900204650001200243151205b xxu||||| |||| 00| 0 eng d a1578010314 aSPE RC 954 .L36 1998 aLantz, John.d1998. aNursing Care of the Elderly cJohn, Lantz. a4th ed. aUSA,bWestern Schools Press,c1998. axvii, 276p.bincludes index,c27cm anursing